Would've, Could've, Should've - Taylor Swift (All Lyrics) - Statistics

General Stats
  • This quiz has been taken 306 times
    296 since last reset
  • The average score is 459 of 500
Answer Stats
Lyrics % Correct
a
99%
And
99%
and
99%
could've
99%
could've,
99%
I
99%
If
99%
if
99%
me
99%
me,
99%
my
99%
should've
99%
the
99%
The
99%
who
99%
would've
99%
Would've,
99%
you
99%
go
98%
it
98%
of
98%
then
98%
was
98%
never
97%
Never
97%
On
97%
on
97%
to
97%
at
96%
At
96%
back
96%
first
96%
that
96%
with
96%
be
95%
I'm
95%
is
95%
this
95%
in
94%
all
93%
danced
93%
devil
93%
do
93%
girlhood,
93%
Give
93%
mine
93%
nineteen
93%
now
93%
pain
93%
time
93%
you'd
93%
your
93%
us
92%
grown
91%
grown,
91%
like
91%
where
91%
won't
91%
away
90%
damn
90%
did
90%
for
90%
glance
90%
God
90%
heaven
90%
knees
90%
know,
90%
used
90%
stayed
89%
why
89%
as
88%
die?
88%
down
88%
feel
88%
ghosts
88%
hurts
88%
let
88%
Living
88%
Looked
88%
looked
88%
miss
88%
regret
88%
scared
88%
sure
88%
truth
88%
Gone
87%
gone
87%
man?
87%
mind
87%
soul
87%
thrill
87%
weapons
87%
can't
86%
close
86%
hitting
86%
wish
86%
blinked,
85%
But,
85%
honest
85%
I'd
85%
left
85%
matter
85%
our
85%
wondering
85%
Years
85%
you're
85%
Memories
84%
rest
84%
chance
83%
fight
83%
God's
83%
got
83%
tearing
83%
child,
82%
hands?
82%
Oh,
82%
promising
82%
tomb
82%
wash
82%
way
82%
death,
81%
glass
81%
sleep
81%
touched
81%
banners,
80%
out
80%
clarity's
79%
keep
79%
made
79%
poison,
79%
Stained
79%
windows
79%
from
78%
pray
78%
sign
78%
splatter
78%
they
78%
wound
78%
important
77%
tasted
77%
about
76%
along
76%
faith
76%
waiting
76%
erase
74%
Spit
74%
paint,
73%
crisis
72%
Lord,
72%
righteous
72%
some
72%
boredom
71%
only
71%
saved
71%
tried
71%
Ooh,
69%
whispered
69%
played
68%
safe
68%
blushed,
54%
No matching quizzes found
Score Distribution
Percent of People with Each Score
Percentile by Number Answered
Your Score History
You have not taken this quiz since the last reset